Statistics for Robert Downey Jr Movies

Click here to take the quiz!

General Stats

  • This quiz has been taken 1,070 times
    (1,069 since last reset)
  • The average score is 11 of 60

Answer Stats

HintAnswer% Correct
2008Iron Man
98%
2010Iron Man 2
94%
2012The Avengers
86%
2009Sherlock Holmes
67%
2011Sherlock Holmes 2: A Game of Shadows
54%
2008Tropic Thunder
43%
1992Chaplin
42%
2010Due Date
36%
2005Kiss Kiss Bang Bang
35%
1985Weird Science
27%
2007Zodiac
25%
1987Less Than Zero
22%
2003Gothika
20%
1990Air America
19%
2008The Incredible Hulk
19%
1998U.S. Marshals
19%
1987The Pick-Up Artist
18%
2009The Soloist
18%
2003The Singing Detective
17%
1994Natural Born Killers
16%
1986Back to School
15%
1994Only You
15%
1993Heart and Souls
14%
2006A Scanner Darkly
12%
2007Charlie Bartlett
12%
2006The Shaggy Dog
12%
2000Wonder Boys
12%
1989Chances Are
11%
1988Johnny Be Good
11%
1970Pound
11%
1997Two Girls and a Guy
11%
1995Home for the Holidays
10%
1991Soapdish
10%
2005Good Night, and Good Luck.
9%
2006Fur: An Imaginary Portrait of Diane Arbus
8%
1995Richard III
8%
1985Tuff Turf
8%
1999Bowfinger
7%
1999In Dreams
7%
19881969
6%
1999Black and White
6%
1995Restoration
6%
1993Short Cuts
6%
1984Firstborn
5%
2007Lucky You
5%
1997One Night Stand
5%
1998The Gingerbread Man
5%
1989True Believer
5%
1983Baby It's You
4%
2004Eros
4%
1999Friends & Lovers
4%
2005Game 6
4%
1994Hail Caesar
4%
1997Hugo Pool
4%
1988Rented Lips
4%
1986America
3%
1996Danger Zone
3%
1989That's Adequate
3%
1990Too Much Sun
3%
2006A Guide to Recognising Your Saints
2%

Score Distribution

Percentile by Number Answered

Percent of People with Each Score

Your Score History

You have not taken this quiz since the last reset